Score 0/20 Timer 05:00
1 Play Today
SCRAMBLE Disney Characters % Correct
SWNO THIWESnow White
94.8%
LEBELBelle
93%
AJFRAJafar
89.3%
NBORI OOHDRobin Hood
85.5%
YMCIKE UESOMMickey Mouse
84.8%
NHJO HMISTJohn Smith
79.5%
RAZNTATarzan
78.1%
RAIYF ORHGEOTMDFairy Godmother
77.7%
YEOEREEeyore
76%
PRUGMYGrumpy
75.2%
SCRAMBLE Disney Characters % Correct
ENQEU FO THARSEQueen of Hearts
73.1%
MYIINJ ERKCTICJiminy Cricket
72.6%
GRITE YILLTiger Lily
69.8%
ABOLOBaloo
60.6%
AFMAUSMufasa
52.5%
LAEIRAriel
52.4%
HTCISTStitch
46.3%
PUTRHMEThumper
32.8%
GOCEROS CDCMKUScrooge McDuck
25.2%
BITSSANAESebastian
12.8%
Remove Ads.
Support Sporcle.
Get the best of Sporcle when you Go Orange. This ad-free experience offers more features, more stats, and more fun while also helping to support Sporcle. Thank you for becoming a member.

You're not logged in!

Compare scores with friends on all Sporcle quizzes.
OR
Log In

Show Comments

Extras

Top Quizzes Today


Score Distribution

Your Account Isn't Verified!

In order to create a playlist on Sporcle, you need to verify the email address you used during registration. Go to your Sporcle Settings to finish the process.

Report this User

Report this user for behavior that violates our Community Guidelines.

Details: